Saint-Tropez - Choix multiples - Statistiques

Statistiques générales
  • Ce quiz a été pris 101 fois
  • Le résultat moyen est 7 sur 10
Statistiques - réponses
Question Réponse % Correct
Sur quelle côte Saint-Tropez se situe-t-elle ? La Côte d'Azur
97%
Quelle actrice contribua au succès de Saint-Tropez à partir des années 1950 ? Brigitte Bardot
95%
Sur le plan gastronomique, qu'est-ce qu'une tropézienne ? Une brioche sucrée garnie de crème pâtissière
92%
Qu'était principalement Saint-Tropez avant de devenir une station balnéaire prisée ? Un petit port de pêche
84%
Lequel de ces films ne se déroule PAS à Saint-Tropez ? La Cité de la peur
73%
Où se situe le musée du cinéma de Saint-Tropez ? Dans son ancienne gendarmerie
70%
Qui repose dans cette tombe, au coeur du cimetière de Saint-Tropez ?
Eddie Barclay, producteur
53%
Sur quel type d'élément géographique la commune se situe-t-elle ? Une presqu'île
41%
Laquelle de ces citadelles est celle de Saint-Tropez ?
27%
Selon la légende, de qui la commune tient-elle son nom ? D'un officier converti que Néron fit décapiter à Pise
24%
Aucun quiz correspondant
Distribution des résultats
% des personnes avec chaque résultat
Percentile par nombre de réponses
Votre historique - résultats
Vous n’avez pas pris ce quiz